| 000 | 01095nam a2200217Ia 4500 | ||
|---|---|---|---|
| 001 | 11382 | ||
| 003 | GE_BSU | ||
| 008 | 181216s||||||||xx |||||||||||||| ||und|| | ||
| 040 | _cGE_BSU | ||
| 080 | _a634.8(479.22) | ||
| 100 | _aჟღენტი ნ.მ. | ||
| 245 | _aსაქართველოში შამპანური ჯიშის ვაზების გავრცელების ზონები და საბჭოთა შამპანურის წარმოება | ||
| 245 | _cრედ: შ. კაპანაძე, მხატვ: ზ. ხარაბაძე | ||
| 260 | _aთბილისი. | ||
| 260 | _bსაბჭოთა საქართველო. | ||
| 260 | _c1964 | ||
| 300 | _a108გვ.20სმ. | ||
| 300 | _eილ. ცხრილები | ||
| 653 | _aსაქართველოში შამპანური ჯიშის ვაზების გავრცელების ზონები და საბჭოთა შამპანურის წარმოება | ||
| 942 | _cBK | ||
| 999 |
_c44579 _d44579 |
||